LEADER 00938nam a2200241 i 4500 001 000000111605 003 CaOOAMICUS 005 20050720000000.0 008 050720s1952 it u000 u ita u 013 $a84287 040 $aSeMil$bita 100 1 $aJacobs, Odilon.$0(OLS)http://semarc/name/23245 245 10$aDon Edoardo Poppe /$cOdilon Jacobs ; traduzione del Can. Paolo Meratti. 250 $a3. Ed. 260 $aMilano :$bIstituto di Propaganda Libraria,$cstampa 1952. 300 $aXVI, 296 p. ;$c19 cm. 650 4$aPoppe, Edoardo.$0(OLS)http://semarc/subject/20006 700 1 $aMeratti, Paolo.$0(OLS)http://semarc/name/46775 850 $aSeMil 852 $aSeMil$W1$xVenegono$y1$m3H I 252$j67426$B67426$CSeMilBibl$Z2$F100657 $81 961 $aOmaggio: Altro 996 $6245$aDon Edoardo Poppe$9(OLS)http://semarc/title/162497 996 $6260$aMilano :$bIstituto di Propaganda Libraria$9(OLS)http://semarc/publisher/30855 LEADER 01475nam a2200265 i 4500 001 000000178167 003 CaOOAMICUS 005 20090608000000.0 008 090608s2003 it u000 u ita u 013 $a155736 040 $aSeMil$bita 100 1 $aCantele, Donatella.$0(OLS)http://semarc/name/66244 245 10$aAristotele e le immagini: analisi del MS.S 70 SUP. della Biblioteca Ambrosiana /$cLaureanda: Donatella Cantele ; Relatore chiar.ma prof.ssa Giuseppa Zanichelli ; Correlatore chiar.ma prof.ssa Maria Monica Donato. 260 $a[S.l. :$bs.n.,$c2003] 300 $a195 c. :$bill. ;$c30 cm. 500 $aIn testa al front. : Universitā degli Studi di Parma, facoltā di Lettere e Filosofia, corso di Laurea in Conservazione dei Beni Culturali. - A pič del front. Anno Accademico 2002-2003. 650 4$aTesi di laurea.$0(OLS)http://semarc/subject/1690 650 4$aMilano - Biblioteca Ambrosiana - Manoscritti - S 70 sup.$0(OLS)http://semarc/subject/34015 700 1 $aDonato, Maria Monica <1959-2014>.$0(OLS)http://semarc/name/58374 700 1 $aZanichelli, Giuseppa.$0(OLS)http://semarc/name/66245 850 $aSeMil 852 $aSeMil$W1$xVenegono$y1$m4X VI 43$j128957$B128957$CSeMilBibl$Z2$F142072 $8L 961 $aOmaggio: Giuliani don Angelo 996 $6245$aAristotele e le immagini: analisi del MS.S 70 SUP. della Biblioteca Ambrosiana$9(OLS)http://semarc/title/255879 996 $6260$a[S.l. :$bs.n.$9(OLS)http://semarc/publisher/31686